Πίνακας συμφραζομένων του Διγενή Ακρίτη = Concordance to Digenes Aktites : σύνταξη Ε : version E
Αποθηκεύτηκε σε:
| Κύριος συγγραφέας: | |
|---|---|
| Άλλοι συγγραφείς: | , |
| Μορφή: | Βιβλίο |
| Γλώσσα: | Greek |
| Δημοσίευση: |
Ηράκλειο :
Πανεπιστημιακές εκδόσεις Κρήτης,
1995
|
| Θέματα: | |
| Ετικέτες: |
Προσθήκη ετικέτας
Δεν υπάρχουν, Καταχωρήστε ετικέτα πρώτοι!
|
MARC
| LEADER | 00000nam a2200000 i 4500 | ||
|---|---|---|---|
| 001 | 1/46363 | ||
| 008 | 040112s1995 gre d | ||
| 020 | |a 960-7309-72-3 | ||
| 035 | |l 10071885 | ||
| 040 | |a GR-MY-UA |b gre |e aacr | ||
| 041 | 0 | |a gre | |
| 082 | 0 | |a 480 | |
| 100 | 1 | |a Beaton, Roderick. | |
| 245 | 1 | 0 | |a Πίνακας συμφραζομένων του Διγενή Ακρίτη = |b Concordance to Digenes Aktites : σύνταξη Ε : version E / |c Roderick Beaton, James Kelly, Τίνα Λεντάρη |
| 246 | 2 | 1 | |a Concordance to Digenes Akrites |b ; version E |
| 260 | |a Ηράκλειο : |b Πανεπιστημιακές εκδόσεις Κρήτης, |c 1995 | ||
| 300 | |a 360 σ. | ||
| 650 | 0 | 0 | |a Greek language, Medieval and late. |
| 650 | 0 | 0 | |a Digenis Akritas (Legendary character) in literature. |
| 700 | 0 | |a Kelly, James. | |
| 700 | 0 | |a Λεντάρη, Τίνα. | |
| 852 | |a INST |b RHODES |e 20040112 |h 480 BEA |p 005400019786 |q 005400019786 |t BK |y 0 | ||
| 901 | |a BIBL4-2004-1 | ||
| 909 | |a Ρ |b 106967 | ||
| 922 | |a 4ΕΛΗ |b 200310 |c ΕΠΕΑΕΚ2/ΤΜΣ |d ΜΙΧΑΛΟΠΟΥΛΟΣ | ||
| 950 | |a 124-2003-10-08 | ||
| 970 | |a ΚΟΥΛΑΚΙΟΤΗ |b ΛΙΤΣΑ |z 2004/02/09 | ||